<?xml version="1.0" encoding="UTF-8"?>
<record
    xmlns:xsi="http://www.w3.org/2001/XMLSchema-instance"
    xsi:schemaLocation="http://www.loc.gov/MARC21/slim http://www.loc.gov/standards/marcxml/schema/MARC21slim.xsd"
    xmlns="http://www.loc.gov/MARC21/slim">

  <leader>01120nam a2200289Ia 4500</leader>
  <datafield tag="952" ind1=" " ind2=" ">
    <subfield code="0">0</subfield>
    <subfield code="1">0</subfield>
    <subfield code="4">0</subfield>
    <subfield code="7">0</subfield>
    <subfield code="a">GETS</subfield>
    <subfield code="b">GETS</subfield>
    <subfield code="c">GEN</subfield>
    <subfield code="d">2020-08-26</subfield>
    <subfield code="l">0</subfield>
    <subfield code="o">B3248.G2 .A3 2013 v.1</subfield>
    <subfield code="p">00008538</subfield>
    <subfield code="r">2020-08-26 00:00:00</subfield>
    <subfield code="w">2020-08-26</subfield>
    <subfield code="y">CB</subfield>
  </datafield>
  <datafield tag="952" ind1=" " ind2=" ">
    <subfield code="0">0</subfield>
    <subfield code="1">0</subfield>
    <subfield code="4">0</subfield>
    <subfield code="7">0</subfield>
    <subfield code="a">GETS</subfield>
    <subfield code="b">GETS</subfield>
    <subfield code="c">GEN</subfield>
    <subfield code="d">2020-08-26</subfield>
    <subfield code="l">0</subfield>
    <subfield code="o">B3248.G2 .A3 2013 v.2</subfield>
    <subfield code="p">00008539</subfield>
    <subfield code="r">2020-08-26 00:00:00</subfield>
    <subfield code="w">2020-08-26</subfield>
    <subfield code="y">CB</subfield>
  </datafield>
  <datafield tag="999" ind1=" " ind2=" ">
    <subfield code="c">20372</subfield>
    <subfield code="d">20372</subfield>
  </datafield>
  <controlfield tag="003">OSt</controlfield>
  <controlfield tag="005">20200924155856.0</controlfield>
  <controlfield tag="008">200826s9999||||xx |||||||||||||| ||und||</controlfield>
  <datafield tag="020" ind1=" " ind2=" ">
    <subfield code="a">7100069254</subfield>
  </datafield>
  <datafield tag="020" ind1=" " ind2=" ">
    <subfield code="a">9787100069250</subfield>
  </datafield>
  <datafield tag="040" ind1=" " ind2=" ">
    <subfield code="c">GETS</subfield>
  </datafield>
  <datafield tag="041" ind1=" " ind2=" ">
    <subfield code="a">chi</subfield>
    <subfield code="h">ger</subfield>
  </datafield>
  <datafield tag="050" ind1=" " ind2=" ">
    <subfield code="a">B3248.G2 </subfield>
    <subfield code="b">.A3 2013</subfield>
  </datafield>
  <datafield tag="100" ind1=" " ind2=" ">
    <subfield code="a">Gadamer, Hans-Georg </subfield>
  </datafield>
  <datafield tag="245" ind1=" " ind2="0">
    <subfield code="a">&#x8BE0;&#x91CA;&#x5B66;: </subfield>
    <subfield code="b">&#x771F;&#x7406;&#x4E0E;&#x65B9;&#x6CD5;: &#x8865;&#x5145;&#x548C;&#x7D22;&#x5F15; = Gesammelte Werke. Bd.  Hermeneutik : Wahrheit und Methode.  :Ergangen, Register /</subfield>
    <subfield code="c">&#x6C49;&#x65AF;-&#x683C;&#x5965;&#x5C14;&#x683C;.&#x4F3D;&#x8FBE;&#x9ED8;&#x5C14;(Hans-Georg Gadamer) &#x8457;; &#x6D2A;&#x6C49;&#x9F0E; &#x8BD1;</subfield>
  </datafield>
  <datafield tag="246" ind1=" " ind2=" ">
    <subfield code="a">&#x8A6E;&#x91CB;&#x5B78; :</subfield>
    <subfield code="b">&#x771F;&#x7406;&#x8207;&#x65B9;&#x6CD5;: &#x88DC;&#x5145;&#x548C;&#x7D22;&#x5F15; = Gesammelte Werke. Bd.   Hermeneutik : Wahrheit und Methode.  :Ergangen, Register/</subfield>
  </datafield>
  <datafield tag="260" ind1=" " ind2=" ">
    <subfield code="a">&#x5317;&#x4EAC; : </subfield>
    <subfield code="b">&#x5546;&#x52D9;&#x5370;&#x66F8;&#x9928;,</subfield>
    <subfield code="c">2013, c2010</subfield>
  </datafield>
  <datafield tag="300" ind1=" " ind2=" ">
    <subfield code="a">2 v.</subfield>
    <subfield code="b">;</subfield>
    <subfield code="c">21 cm.</subfield>
  </datafield>
  <datafield tag="490" ind1=" " ind2=" ">
    <subfield code="a">&#x6C49;&#x8BD1;&#x4E16;&#x754C;&#x5B66;&#x672F;&#x540D;&#x8457;&#x4E1B;&#x4E66;</subfield>
  </datafield>
  <datafield tag="500" ind1=" " ind2=" ">
    <subfield code="a">Translation of: Gesammelte Werke. Bd.2, Hermeneutik: Wahrheit und Methode.-2 :Ergangen, Register.</subfield>
  </datafield>
  <datafield tag="650" ind1=" " ind2=" ">
    <subfield code="a">Hermeneutics.</subfield>
  </datafield>
  <datafield tag="650" ind1=" " ind2=" ">
    <subfield code="a">Philosophie.</subfield>
  </datafield>
  <datafield tag="700" ind1=" " ind2=" ">
    <subfield code="a">&#x6C49;&#x65AF;-&#x683C;&#x5965;&#x5C14;&#x683C;.&#x4F3D;&#x8FBE;&#x9ED8;&#x5C14;</subfield>
  </datafield>
  <datafield tag="700" ind1=" " ind2=" ">
    <subfield code="a">&#x6D2A;&#x6C49;&#x9F0E;</subfield>
  </datafield>
  <datafield tag="942" ind1=" " ind2=" ">
    <subfield code="c">CB</subfield>
  </datafield>
  <datafield tag="949" ind1=" " ind2=" ">
    <subfield code="v">v.2</subfield>
  </datafield>
</record>
